[Event "26th Klatovy A 2018"]
[Site "Klatovy CZE"]
[Date "2018.07.02"]
[Round "3.24"]
[White "Kaderabek, Jiri"]
[Black "Ondrejat, Miroslav"]
[Result "1-0"]
[WhiteElo "2125"]
[BlackElo "1948"]
[PlyCount "109"]
[EventDate "2018.06.30"]
[EventType "swiss"]
[EventRounds "9"]
[EventCountry "CZE"]

1. e4 e6 2. d4 d5 3. exd5 exd5 4. c4 Nf6 5. Nc3 c6 6. Be2 Be7 7. Nf3 O-O 8. O-O Nbd7 9. cxd5 cxd5 10. Qb3 Nb6 11. Bf4 Ne4 12. a4 Nxc3 13. bxc3 Bd6 14. Bxd6 Qxd6 15. a5 Nd7 16. Rfe1 Nf6 17. Ne5 Rb8 18. c4 dxc4 19. Bxc4 Be6 20. Bxe6 fxe6 21. Nf3 Qd5 22. Qa3 b5 23. Re5 Qd7 24. Qb3 Nd5 25. Rae1 Rf6 26. Ng5 Rbf8 27. Nxe6 Rxe6 28. Rxe6 Qf7 29. f3 Nf4 30. d5 Nxe6 31. dxe6 Qe7 32. Qxb5 Rd8 33. g3 g6 34. Qe5 Re8 35. h4 Qb7 36. Re3 Qb1+ 37. Kg2 Qc2+ 38. Re2 Qf5 39. Qxf5 gxf5 40. Re5 Kg7 41. Rxf5 Rxe6 42. Rb5 Ra6 43. g4 h6 44. Kg3 Kg6 45. f4 Rc6 46. h5+ Kf6 47. g5+ hxg5 48. fxg5+ Ke6 49. h6 Kf7 50. Rb8 Kg6 51. Rg8+ Kh7 52. Rg7+ Kh8 53. Rxa7 Rc1 54. a6 Ra1 55. Kg4 1-0

[Event "26th Klatovy A 2018"]
[Site "Klatovy CZE"]
[Date "2018.07.02"]
[Round "3.25"]
[White "Cekan, Petr1"]
[Black "Tscharotschkin, Michael"]
[Result "0-1"]
[WhiteElo "1966"]
[BlackElo "2124"]
[PlyCount "48"]
[EventDate "2018.06.30"]
[EventType "swiss"]
[EventRounds "9"]
[EventCountry "CZE"]

1. d4 d5 2. c4 Bf5 3. Nc3 e6 4. Nf3 Nc6 5. a3 Nf6 6. Bg5 Be7 7. e3 O-O 8. Ne5 Nxe5 9. dxe5 Nd7 10. Bf4 c6 11. g4 Bg6 12. Bg3 Bh4 13. f4 Nc5 14. Be2 Bxg3+ 15. hxg3 Ne4 16. Nxe4 Bxe4 17. Rh2 Qb6 18. Qc1 dxc4 19. Bxc4 Rad8 20. Qc3 Bd3 21. Kf2 Bxc4 22. Rah1 Rd3 23. Qxc4 Qxe3+ 24. Kf1 Qf3+ 0-1

[Event "26th Klatovy A 2018"]
[Site "Klatovy CZE"]
[Date "2018.07.02"]
[Round "3.26"]
[White "Kotal, Vaclav"]
[Black "Bartos, Karel"]
[Result "1-0"]
[WhiteElo "2101"]
[BlackElo "1823"]
[PlyCount "101"]
[EventDate "2018.06.30"]
[EventType "swiss"]
[EventRounds "9"]
[EventCountry "CZE"]

1. e4 d5 2. exd5 Qxd5 3. Nc3 Qa5 4. d4 Nf6 5. Nf3 c6 6. Bc4 Bf5 7. Bd2 e6 8. Nd5 Qd8 9. Nxf6+ gxf6 10. Bb3 Nd7 11. Qe2 Qc7 12. Nh4 Bg6 13. O-O-O O-O-O 14. g3 Nb6 15. Bf4 Bd6 16. Bxd6 Qxd6 17. f4 f5 18. Ng2 Nd5 19. h4 h6 20. h5 Bh7 21. Bxd5 Qxd5 22. c4 Qa5 23. Kb1 Rhg8 24. Rd3 Kb8 25. Rhd1 Rd7 26. Ne1 Re8 27. Qe3 Bg8 28. Nf3 f6 29. d5 cxd5 30. Rxd5 exd5 31. Qxe8+ Rd8 32. Qe7 Rc8 33. cxd5 Qa4 34. b3 Qe4+ 35. Qxe4 fxe4 36. Nh4 e3 37. Re1 Re8 38. d6 Kc8 39. Kc2 Kd7 40. Kd3 Bh7+ 41. f5 Kxd6 42. Rxe3 Re5 43. g4 Ra5 44. Re6+ Kd5 45. Rxf6 Rxa2 46. Rxh6 Bg8 47. Rh8 Bf7 48. Rf8 Bxh5 49. gxh5 Rh2 50. Ng6 Rh3+ 51. Kc2 1-0

[Event "26th Klatovy A 2018"]
[Site "Klatovy CZE"]
[Date "2018.07.02"]
[Round "3.27"]
[White "Stinka, Jakub"]
[Black "Hlavina, Matous"]
[Result "1-0"]
[WhiteElo "2093"]
[BlackElo "1776"]
[PlyCount "89"]
[EventDate "2018.06.30"]
[EventType "swiss"]
[EventRounds "9"]
[EventCountry "CZE"]

1. d4 f5 2. Nc3 Nf6 3. Bg5 d5 4. Bxf6 exf6 5. e3 Be6 6. Bd3 Qd7 7. Qf3 Nc6 8. a3 Nd8 9. Nge2 c6 10. Nf4 Bf7 11. O-O-O Bd6 12. h3 g6 13. g4 Ne6 14. Nxe6 Bxe6 15. gxf5 Bxf5 16. e4 dxe4 17. Bxe4 O-O-O 18. Bxf5 Qxf5 19. Qxf5+ gxf5 20. d5 Bf4+ 21. Kb1 Kc7 22. Ne2 Be5 23. f4 Bd6 24. Nd4 cxd5 25. Ne6+ Kc6 26. Nxd8+ Rxd8 27. Rde1 Rg8 28. c3 Kd7 29. Rhg1 Rxg1 30. Rxg1 Bxf4 31. Rg7+ Kc6 32. Rxh7 Bg3 33. Kc2 a5 34. h4 b6 35. h5 f4 36. Kd3 f3 37. Rf7 Be5 38. h6 f2 39. Ke2 d4 40. cxd4 Bxd4 41. h7 f5 42. Rxf5 Bxb2 43. Kxf2 b5 44. Ke3 Bc3 45. Kd3 1-0

[Event "26th Klatovy A 2018"]
[Site "Klatovy CZE"]
[Date "2018.07.02"]
[Round "3.28"]
[White "Kaspar, Lukas"]
[Black "Kopriva, Martin"]
[Result "0-1"]
[WhiteElo "1799"]
[BlackElo "2068"]
[PlyCount "58"]
[EventDate "2018.06.30"]
[EventType "swiss"]
[EventRounds "9"]
[EventCountry "CZE"]

1. Nf3 g6 2. g3 Bg7 3. Bg2 d6 4. O-O e5 5. e4 c5 6. Nc3 Nc6 7. d3 Nge7 8. Nd2 O-O 9. Nc4 Nd4 10. a4 Be6 11. f4 Qd7 12. Be3 f5 13. Bxd4 cxd4 14. Nb5 Bxc4 15. dxc4 a6 16. Na3 Qxa4 17. b3 Qb4 18. Qe1 Qb6 19. Kh1 Kh8 20. Nb1 exf4 21. exf5 Nxf5 22. Rxf4 Ne3 23. Rxf8+ Rxf8 24. Ra2 Nxg2 25. Kxg2 Qc6+ 26. Kh3 Rf5 27. Nd2 Rh5+ 28. Kg4 Qd7+ 29. Kf3 Rxh2 0-1

[Event "26th Klatovy A 2018"]
[Site "Klatovy CZE"]
[Date "2018.07.02"]
[Round "3.29"]
[White "Novy, Vaclav"]
[Black "Novak, Vaclav2"]
[Result "1-0"]
[WhiteElo "2065"]
[BlackElo "1778"]
[PlyCount "35"]
[EventDate "2018.06.30"]
[EventType "swiss"]
[EventRounds "9"]
[EventCountry "CZE"]

1. e4 e5 2. Nf3 Nc6 3. d4 exd4 4. Nxd4 Qf6 5. Nxc6 Qxc6 6. Bd3 Bc5 7. O-O Ne7 8. Nc3 a6 9. Qh5 Bd4 10. Nd5 g6 11. Qh4 f6 12. c3 Be5 13. f4 Nxd5 14. fxe5 Nb6 15. exf6 Qc5+ 16. Kh1 Kf7 17. e5 d5 18. Bxg6+ 1-0

[Event "26th Klatovy A 2018"]
[Site "Klatovy CZE"]
[Date "2018.07.02"]
[Round "3.30"]
[White "Krutsky, Martin"]
[Black "Svanda, Adam"]
[Result "1/2-1/2"]
[WhiteElo "2123"]
[BlackElo "1814"]
[PlyCount "112"]
[EventDate "2018.06.30"]
[EventType "swiss"]
[EventRounds "9"]
[EventCountry "CZE"]

1. e4 c5 2. Nf3 e6 3. d4 cxd4 4. Nxd4 Nf6 5. Nc3 d6 6. Be3 a6 7. f3 b5 8. Qd2 Nbd7 9. g4 Nb6 10. a3 Bb7 11. O-O-O Rc8 12. h4 Nc4 13. Bxc4 Rxc4 14. h5 Qa5 15. Nb3 Qc7 16. g5 Nd7 17. Ne2 Ba8 18. Kb1 d5 19. g6 hxg6 20. hxg6 Rxh1 21. gxf7+ Kxf7 22. Rxh1 Nf6 23. exd5 Bxd5 24. Rh3 b4 25. a4 Bd6 26. Ned4 Qd7 27. Bg5 e5 28. Rh4 exd4 29. Bxf6 Kxf6 30. Na5 Rc5 31. Qxd4+ Kf7 32. Rg4 Kg8 33. Nb3 Bxb3 34. cxb3 Qe7 35. Ka2 Be5 36. Qxb4 a5 37. Qe4 Rc1 38. Qd5+ Kf8 39. Qa8+ Kf7 40. Qd5+ Kf6 41. b4 axb4 42. f4 Bc3 43. Qg5+ Kf7 44. Qxe7+ Kxe7 45. bxc3 Rxc3 46. Rxg7+ Kf6 47. Ra7 Kf5 48. Rb7 Ra3+ 49. Kb2 Rxa4 50. Rf7+ Ke6 51. Rf8 Ra5 52. Rb8 Ra3 53. Rxb4 Rf3 54. Kc2 Kf5 55. Kd2 Rxf4 56. Rxf4+ Kxf4 1/2-1/2

[Event "26th Klatovy A 2018"]
[Site "Klatovy CZE"]
[Date "2018.07.02"]
[Round "3.31"]
[White "Novy, Daniel"]
[Black "Pick, Stepan"]
[Result "1/2-1/2"]
[WhiteElo "1941"]
[BlackElo "2113"]
[PlyCount "29"]
[EventDate "2018.06.30"]
[EventType "swiss"]
[EventRounds "9"]
[EventCountry "CZE"]

1. Nf3 Nf6 2. g3 e6 3. Bg2 b6 4. Ne5 c6 5. d4 Bb7 6. c4 Bb4+ 7. Nc3 O-O 8. a3 Be7 9. e4 Qc7 10. Bf4 d6 11. Nd3 c5 12. d5 exd5 13. cxd5 Nbd7 14. O-O a6 15. Rc1 1/2-1/2

[Event "26th Klatovy A 2018"]
[Site "Klatovy CZE"]
[Date "2018.07.02"]
[Round "3.33"]
[White "Hajek, Jiri2"]
[Black "Kovar, Petr"]
[Result "1-0"]
[WhiteElo "2081"]
[BlackElo "1911"]
[PlyCount "99"]
[EventDate "2018.06.30"]
[EventType "swiss"]
[EventRounds "9"]
[EventCountry "CZE"]

1. e4 c5 2. Nf3 d6 3. Bb5+ Bd7 4. Bxd7+ Qxd7 5. c4 e5 6. O-O Be7 7. Nc3 Nf6 8. d3 O-O 9. a3 Nc6 10. Rb1 Ne8 11. b4 b6 12. bxc5 bxc5 13. Qa4 Nf6 14. Bg5 Rfd8 15. Bxf6 Bxf6 16. Nd5 Nd4 17. Qxd7 Nxf3+ 18. gxf3 Rxd7 19. Rb2 Kf8 20. Rfb1 Ke8 21. Kf1 Rc8 22. Rb7 Rcd8 23. R7b5 Rc8 24. Ra5 Bg5 25. Ra6 Bd8 26. Kg2 f6 27. Kh3 Kf7 28. Kg4 Kg6 29. f4 exf4 30. Nxf4+ Kf7 31. Nd5 Ke6 32. f4 Kf7 33. h4 g6 34. h5 Kg7 35. Nc3 Bb6 36. a4 Bd8 37. Nb5 Rb8 38. Rd1 Rb6 39. Rxb6 Bxb6 40. Rb1 Kf7 41. Nc3 Kg7 42. Nd5 Bd8 43. Rb8 Kf7 44. f5 Kg7 45. Nf4 Be7 46. hxg6 hxg6 47. Nxg6 Bd8 48. Nf4 Ba5 49. Ne6+ Kh7 50. Nf8+ 1-0

[Event "26th Klatovy A 2018"]
[Site "Klatovy CZE"]
[Date "2018.07.02"]
[Round "3.34"]
[White "Skypala, Ondrej"]
[Black "Strnad, Jakub"]
[Result "0-1"]
[WhiteElo "1852"]
[BlackElo "2055"]
[PlyCount "50"]
[EventDate "2018.06.30"]
[EventType "swiss"]
[EventRounds "9"]
[EventCountry "CZE"]

1. e4 e5 2. Nf3 Nc6 3. Bb5 a6 4. Ba4 Nf6 5. O-O b5 6. Bb3 Be7 7. c3 O-O 8. Re1 d6 9. d4 Bg4 10. Nbd2 exd4 11. h3 dxc3 12. bxc3 Bd7 13. Ng5 h6 14. Nxf7 Rxf7 15. Bxf7+ Kxf7 16. Nf3 Ne5 17. Nxe5+ dxe5 18. f4 Bc5+ 19. Kh1 Qe7 20. g4 Bc6 21. Qf3 exf4 22. Bxf4 Bxe4 23. Rxe4 Qxe4 24. Qxe4 Nxe4 25. Rf1 Kg6 0-1

[Event "26th Klatovy A 2018"]
[Site "Klatovy CZE"]
[Date "2018.07.02"]
[Round "3.35"]
[White "Cmiko, Jakub"]
[Black "Hak, David"]
[Result "1-0"]
[WhiteElo "2015"]
[BlackElo "1886"]
[PlyCount "79"]
[EventDate "2018.06.30"]
[EventType "swiss"]
[EventRounds "9"]
[EventCountry "CZE"]

1. d4 Nf6 2. c4 g6 3. Nc3 Bg7 4. e4 d6 5. Nf3 O-O 6. Be2 e5 7. O-O Nc6 8. d5 Ne7 9. Ne1 Nd7 10. Be3 f5 11. f3 f4 12. Bf2 g5 13. a4 a5 14. Nd3 b6 15. b4 axb4 16. Nxb4 Ra5 17. Nb5 Rf6 18. Be1 Ra8 19. Nd3 c6 20. dxc6 Nxc6 21. Nb4 Nxb4 22. Bxb4 Nc5 23. Bxc5 bxc5 24. Qd5+ Be6 25. Qxd6 Qxd6 26. Nxd6 Bd7 27. Nb5 Bc6 28. a5 Bf8 29. Rfd1 Be7 30. Nc7 Ra7 31. Nd5 Re6 32. Rdb1 Bd8 33. Rb8 Ra8 34. Rab1 Kf7 35. Rxa8 Bxa8 36. Rb8 Bxd5 37. cxd5 Rd6 38. a6 Bb6 39. Rb7+ Kg6 40. a7 1-0

[Event "26th Klatovy A 2018"]
[Site "Klatovy CZE"]
[Date "2018.07.02"]
[Round "3.36"]
[White "Nagy, Ladislav1"]
[Black "Vilimova, Julie"]
[Result "1-0"]
[WhiteElo "1996"]
[BlackElo "1826"]
[PlyCount "75"]
[EventDate "2018.06.30"]
[EventType "swiss"]
[EventRounds "9"]
[EventCountry "CZE"]

1. Nf3 g6 2. g3 Bg7 3. Bg2 Nf6 4. O-O O-O 5. c4 d6 6. Nc3 Nc6 7. d3 e5 8. Rb1 Nh5 9. b4 f5 10. Qb3 Kh8 11. b5 Ne7 12. Nd5 Nf6 13. Bg5 Be6 14. Nd2 Nexd5 15. cxd5 Bf7 16. Qb4 h6 17. Bxf6 Qxf6 18. Rbc1 Qe7 19. e4 Rfc8 20. a4 Be8 21. Nc4 Bf8 22. Na5 a6 23. bxa6 Rxa6 24. Qxb7 Raa8 25. Nc6 Bxc6 26. Qxc6 Ra7 27. Ra1 Rb8 28. Rfb1 Qe8 29. Qxe8 Rxe8 30. a5 Rea8 31. Rb5 Be7 32. Bh3 fxe4 33. dxe4 Bg5 34. Ra2 Bd8 35. Bd7 Ra6 36. Bc6 Kg7 37. Bxa8 Rxa8 38. a6 1-0

[Event "26th Klatovy A 2018"]
[Site "Klatovy CZE"]
[Date "2018.07.02"]
[Round "3.37"]
[White "Lhotsky, Zdenek"]
[Black "Brunova, Blanka"]
[Result "1-0"]
[WhiteElo "1825"]
[BlackElo "1994"]
[PlyCount "83"]
[EventDate "2018.06.30"]
[EventType "swiss"]
[EventRounds "9"]
[EventCountry "CZE"]

1. e4 c5 2. Nf3 Nc6 3. d4 cxd4 4. Nxd4 Nf6 5. Nc3 e5 6. Ndb5 d6 7. Bg5 a6 8. Na3 b5 9. Nd5 Be7 10. Bxf6 Bxf6 11. c4 Bg5 12. Nc2 Rb8 13. cxb5 axb5 14. g3 O-O 15. Bg2 Ne7 16. O-O g6 17. h4 Nxd5 18. Qxd5 Be6 19. Qd1 Bh6 20. b3 f5 21. Qd3 d5 22. exf5 gxf5 23. Qe2 Qf6 24. Nb4 e4 25. Rad1 d4 26. f4 d3 27. Qe3 Qc3 28. Nxd3 Rbd8 29. Qb6 Bf7 30. Qxh6 Rxd3 31. Rxd3 Qxd3 32. Qg5+ Bg6 33. h5 Qd4+ 34. Kh2 Rf6 35. hxg6 Rxg6 36. Qxf5 Rh6+ 37. Bh3 Qd2+ 38. Kg1 Qd4+ 39. Kg2 Rc6 40. Rf2 e3 41. Re2 Qd1 42. Qxb5 1-0

[Event "26th Klatovy A 2018"]
[Site "Klatovy CZE"]
[Date "2018.07.02"]
[Round "3.38"]
[White "Kubat, Miroslav"]
[Black "Kubat, Martin"]
[Result "1-0"]
[WhiteElo "1993"]
[BlackElo "1881"]
[PlyCount "73"]
[EventDate "2018.06.30"]
[EventType "swiss"]
[EventRounds "9"]
[EventCountry "CZE"]

1. e4 c5 2. Nc3 d6 3. f4 Nc6 4. Nf3 g6 5. Be2 Bg7 6. O-O e6 7. d3 Nge7 8. Rb1 d5 9. e5 a6 10. a4 O-O 11. Qe1 Nb4 12. Bd1 Bd7 13. h3 Nf5 14. g4 Ne7 15. b3 Rc8 16. Ne2 d4 17. Ng3 Ned5 18. Ne4 b5 19. axb5 axb5 20. Bd2 Qb6 21. g5 Rfd8 22. Nh2 Be8 23. Ng4 Kf8 24. Qh4 Ke7 25. Nd6 Rxd6 26. exd6+ Qxd6 27. Qxh7 Bf8 28. Ne5 Ne3 29. Bxe3 dxe3 30. Nxg6+ Kd8 31. Nxf8 Qxf8 32. Qe4 Nd5 33. Qe5 Qg8 34. c4 Ne7 35. Bg4 Nf5 36. Bxf5 exf5 37. Qxe3 1-0

[Event "26th Klatovy A 2018"]
[Site "Klatovy CZE"]
[Date "2018.07.02"]
[Round "3.39"]
[White "Flajsman, Pavel"]
[Black "Hlavac, Rudolf"]
[Result "0-1"]
[WhiteElo "1828"]
[BlackElo "1987"]
[PlyCount "118"]
[EventDate "2018.06.30"]
[EventType "swiss"]
[EventRounds "9"]
[EventCountry "CZE"]

1. c4 Nf6 2. g3 c5 3. Bg2 d5 4. cxd5 Nxd5 5. Nc3 Nc7 6. Nf3 Nc6 7. O-O e5 8. d3 Be7 9. Be3 O-O 10. Rc1 Ne6 11. Na4 Qa5 12. Nd2 Bd7 13. Nc3 Rac8 14. Nc4 Qc7 15. Nd5 Qb8 16. a4 Rfe8 17. Bd2 Bf8 18. Bc3 f6 19. f4 exf4 20. gxf4 Kh8 21. e4 Ned4 22. Rb1 Be6 23. Nce3 Bf7 24. Kh1 Qd6 25. b3 Ne7 26. Nc4 Qd7 27. Bxd4 Nxd5 28. Bb2 Nb4 29. d4 cxd4 30. Qxd4 Qxd4 31. Bxd4 b6 32. Ne3 Bc5 33. Rfd1 Kg8 34. Kg1 Bxd4 35. Rxd4 Na2 36. Nc4 Nc3 37. Re1 Bxc4 38. Rxc4 Rxc4 39. bxc4 Nxa4 40. Ra1 Nc3 41. Rxa7 Ne2+ 42. Kf2 Nxf4 43. Bf3 Nd3+ 44. Ke3 Nc5 45. Kf4 Rd8 46. Bg4 Rd4 47. Kf5 Rxe4 48. Ra8+ Kf7 49. Ra7+ Re7 50. Rxe7+ Kxe7 51. Bf3 g6+ 52. Kf4 Kd6 53. Bd5 h6 54. h3 Ne6+ 55. Ke3 Ke5 56. Bf3 g5 57. h4 Nd4 58. Bb7 Nf5+ 59. Kd3 Nxh4 0-1

[Event "26th Klatovy A 2018"]
[Site "Klatovy CZE"]
[Date "2018.07.02"]
[Round "3.41"]
[White "Pavlicek, Lukas"]
[Black "Bartonicek, Zdenek"]
[Result "0-1"]
[WhiteElo "1819"]
[BlackElo "1987"]
[PlyCount "98"]
[EventDate "2018.06.30"]
[EventType "swiss"]
[EventRounds "9"]
[EventCountry "CZE"]

1. e4 e5 2. Nf3 Nc6 3. Bc4 Bc5 4. c3 Nf6 5. d3 d6 6. O-O h6 7. a4 a6 8. Nbd2 O-O 9. h3 Ne7 10. d4 exd4 11. cxd4 Ba7 12. Bb3 Ng6 13. Re1 c6 14. Nf1 d5 15. e5 Ne4 16. Bc2 c5 17. Be3 Nh4 18. Nxh4 Qxh4 19. dxc5 Be6 20. b4 Rad8 21. Qd4 Qe7 22. Nd2 f5 23. f3 Nxd2 24. Bxd2 a5 25. Bd3 Rc8 26. Rec1 axb4 27. Bxb4 Qg5 28. f4 Qd8 29. Kh1 g5 30. Rc2 Rf7 31. Rac1 g4 32. Qf2 Rg7 33. Bd2 Qe8 34. Bb5 Bd7 35. Bxd7 Qxd7 36. a5 gxh3 37. gxh3 Qc6 38. Kh2 Kh7 39. Be3 Rcg8 40. Qf3 Bb8 41. Rg1 Rxg1 42. Bxg1 Bc7 43. Qh5 Qe6 44. c6 bxc6 45. a6 Bxe5 46. Be3 d4 47. Bd2 Bd6 48. a7 Qd5 49. Bc1 c5 0-1

[Event "26th Klatovy A 2018"]
[Site "Klatovy CZE"]
[Date "2018.07.02"]
[Round "3.42"]
[White "Danek, Vaclav"]
[Black "Odehnal, Jaroslav"]
[Result "0-1"]
[WhiteElo "1885"]
[BlackElo "1974"]
[PlyCount "58"]
[EventDate "2018.06.30"]
[EventType "swiss"]
[EventRounds "9"]
[EventCountry "CZE"]

1. e4 d5 2. exd5 Nf6 3. d4 Nxd5 4. c4 Nf6 5. Nc3 Bf5 6. Nf3 e6 7. Be2 c6 8. O-O Bd6 9. h3 O-O 10. Nh4 Bg6 11. Nxg6 hxg6 12. Bg5 Nbd7 13. d5 exd5 14. cxd5 c5 15. f4 Qb6 16. Qd2 a6 17. Kh1 Rfe8 18. Rae1 Qb4 19. Bf3 Nh7 20. Re4 Rxe4 21. Bxe4 Re8 22. Bd3 Nxg5 23. fxg5 Qd4 24. Qc2 Qe5 25. g4 Qxg5 26. Qg2 Re3 27. Ne4 Qxd5 28. Nxd6 Rxh3+ 29. Kg1 Qxd3 0-1

[Event "26th Klatovy A 2018"]
[Site "Klatovy CZE"]
[Date "2018.07.02"]
[Round "3.44"]
[White "Lhotska, Anna"]
[Black "Novotny, Jaroslav2"]
[Result "0-1"]
[WhiteElo "1689"]
[BlackElo "1933"]
[PlyCount "78"]
[EventDate "2018.06.30"]
[EventType "swiss"]
[EventRounds "9"]
[EventCountry "CZE"]

1. c4 Nf6 2. Nc3 e6 3. Nf3 d5 4. d4 Be7 5. e3 O-O 6. Bd3 dxc4 7. Bxc4 b6 8. O-O Bb7 9. Qe2 Nbd7 10. Rd1 Ne4 11. Nxe4 Bxe4 12. Bd2 Bd6 13. Bc3 Qf6 14. Nd2 Qh6 15. h3 Bb7 16. Nf3 Nf6 17. Rac1 Ne4 18. Be1 f5 19. Ne5 Rf6 20. Bb3 Ng5 21. f4 Nxh3+ 22. gxh3 Bxe5 23. Kh2 Bd6 24. Bg3 Re8 25. Ba4 Re7 26. Bc6 Bxc6 27. Rxc6 g5 28. Rxd6 cxd6 29. fxg5 Qxg5 30. Bxd6 Rg6 31. Qf3 Re8 32. d5 e5 33. Bc7 f4 34. exf4 exf4 35. Bxf4 Qf5 36. d6 Rd8 37. Qb3+ Qe6 38. Qa4 Qe2+ 39. Kh1 Qg2# 0-1

[Event "26th Klatovy A 2018"]
[Site "Klatovy CZE"]
[Date "2018.07.02"]
[Round "3.46"]
[White "Hacaperka, Michal"]
[Black "Nechutny, Michal"]
[Result "1-0"]
[WhiteElo "1890"]
[BlackElo "1746"]
[PlyCount "83"]
[EventDate "2018.06.30"]
[EventType "swiss"]
[EventRounds "9"]
[EventCountry "CZE"]

1. e4 c5 2. Nc3 Nc6 3. Bb5 d6 4. Bxc6+ bxc6 5. d3 g6 6. f4 Bg7 7. Nf3 Nf6 8. O-O O-O 9. Qe1 Rb8 10. b3 Qc7 11. Bb2 Ba6 12. Nd1 Qb6 13. c4 Bc8 14. Qh4 Qd8 15. Nc3 Nh5 16. Na4 Bxb2 17. Nxb2 e6 18. Qxd8 Rxd8 19. g3 f6 20. e5 dxe5 21. fxe5 Bb7 22. exf6 Nxf6 23. Ng5 Nd7 24. Nxe6 Re8 25. Rae1 Re7 26. Ng5 Rbe8 27. Rxe7 Rxe7 28. Ne4 Re5 29. Na4 Ba8 30. Rf2 Kg7 31. g4 h6 32. h4 a5 33. Kg2 h5 34. g5 Kg8 35. Kf1 Kg7 36. Ke2 Kg8 37. Kd2 Kg7 38. Nf6 Re7 39. Re2 Ne5 40. Kc3 Re6 41. Nxc5 Rxf6 42. Rxe5 1-0

[Event "26th Klatovy A 2018"]
[Site "Klatovy CZE"]
[Date "2018.07.03"]
[Round "4.5"]
[White "Bures, Jaroslav"]
[Black "Mejzlik, Ondrej"]
[Result "1/2-1/2"]
[WhiteElo "2406"]
[BlackElo "2287"]
[PlyCount "102"]
[EventDate "2018.06.30"]
[EventType "swiss"]
[EventRounds "9"]
[EventCountry "CZE"]

1. e4 c6 2. d4 d5 3. Nd2 dxe4 4. Nxe4 Nd7 5. Ng5 Ngf6 6. Bd3 e6 7. N1f3 Bd6 8. Qe2 h6 9. Ne4 Nxe4 10. Qxe4 Nf6 11. Qe2 Qc7 12. Bd2 b6 13. O-O-O Bb7 14. Ne5 O-O-O 15. f4 Kb8 16. Kb1 c5 17. dxc5 Bxc5 18. Rhf1 Ka8 19. a3 h5 20. h4 g6 21. g3 Rhf8 22. Bb4 Bxb4 23. axb4 Rd6 24. Rd2 Rfd8 25. Rfd1 Kb8 26. b5 Rd5 27. c4 R5d6 28. Bc2 Ne8 29. b3 Kc8 30. Qe3 Rxd2 31. Rxd2 Rd6 32. Rxd6 Nxd6 33. Qd4 Qc5 34. Qxc5+ bxc5 35. Kb2 Kc7 36. b4 cxb4 37. Kb3 a5 38. bxa6 Bxa6 39. Kxb4 f6 40. Nxg6 Bxc4 41. Bd1 Bd3 42. Nf8 Nf5 43. Nxe6+ Kd6 44. Nc5 Bb1 45. Bxh5 Nxg3 46. Bf3 Bg6 47. Nb3 Bh5 48. Nd4 Bxf3 49. Nxf3 Nh5 50. f5 Ng3 51. Ng5 Nxf5 1/2-1/2

[Event "26th Klatovy A 2018"]
[Site "Klatovy CZE"]
[Date "2018.07.03"]
[Round "4.12"]
[White "Stinka, Jakub"]
[Black "Dvorak, Jan"]
[Result "1/2-1/2"]
[WhiteElo "2093"]
[BlackElo "2210"]
[PlyCount "53"]
[EventDate "2018.06.30"]
[EventType "swiss"]
[EventRounds "9"]
[EventCountry "CZE"]

1. d4 e6 2. c4 Nf6 3. Nc3 d5 4. cxd5 exd5 5. Bg5 Be7 6. e3 Nbd7 7. Bd3 c6 8. Nf3 O-O 9. Qc2 Re8 10. O-O Nf8 11. Rab1 a5 12. a3 g6 13. b4 axb4 14. axb4 Ne6 15. Bxf6 Bxf6 16. b5 c5 17. dxc5 Nxc5 18. Rbd1 Nxd3 19. Qxd3 Ra3 20. Nd4 Qa5 21. Rc1 Be6 22. Qd2 Rc8 23. Nxe6 fxe6 24. Ne4 Bc3 25. Nxc3 Raxc3 26. g3 Qb4 27. Rxc3 1/2-1/2

[Event "26th Klatovy A 2018"]
[Site "Klatovy CZE"]
[Date "2018.07.03"]
[Round "4.14"]
[White "Toman, Ondrej"]
[Black "Novy, Vaclav"]
[Result "1-0"]
[WhiteElo "2197"]
[BlackElo "2065"]
[PlyCount "89"]
[EventDate "2018.06.30"]
[EventType "swiss"]
[EventRounds "9"]
[EventCountry "CZE"]

1. e4 c5 2. Nc3 Nc6 3. Bb5 g6 4. Bxc6 dxc6 5. f4 Bg7 6. Nf3 Bg4 7. O-O Qc7 8. d3 O-O-O 9. Qe1 h5 10. a3 h4 11. h3 Bxf3 12. Rxf3 Nf6 13. Be3 b6 14. b4 cxb4 15. axb4 Nh5 16. Ra3 e6 17. e5 g5 18. Nb5 cxb5 19. Rc3 gxf4 20. Rxc7+ Kxc7 21. Bxf4 Nxf4 22. Rxf4 Rd7 23. d4 Bh6 24. Rg4 Kb8 25. c3 Rc7 26. Kh2 Bf8 27. Qf1 f5 28. Rg6 Rxc3 29. Qxb5 Bh6 30. Rxh6 Rxh6 31. Qd7 Rg3 32. Qd6+ Kb7 33. d5 Rhg6 34. Qc6+ Kb8 35. dxe6 Rxg2+ 36. Qxg2 Rxg2+ 37. Kxg2 Kc7 38. b5 Kd8 39. Kf3 Ke7 40. Ke3 Kxe6 41. Kf4 Kd5 42. Kxf5 Kc5 43. e6 Kxb5 44. e7 a5 45. e8=Q+ 1-0

[Event "26th Klatovy A 2018"]
[Site "Klatovy CZE"]
[Date "2018.07.03"]
[Round "4.15"]
[White "Molkanov, Oleg 2001"]
[Black "Simunek, Filip"]
[Result "1-0"]
[WhiteElo "2051"]
[BlackElo "2184"]
[PlyCount "89"]
[EventDate "2018.06.30"]
[EventType "swiss"]
[EventRounds "9"]
[EventCountry "CZE"]

1. d4 Nf6 2. c4 e6 3. g3 Bb4+ 4. Bd2 Qe7 5. Bg2 O-O 6. Nf3 a5 7. O-O Bxd2 8. Qxd2 d6 9. Nc3 Nbd7 10. Qc2 e5 11. Nd5 Qd8 12. dxe5 dxe5 13. Rfd1 c6 14. Ne3 Qb6 15. Rac1 e4 16. Nd4 Nc5 17. b3 a4 18. Rb1 axb3 19. axb3 Qb4 20. Qb2 Na6 21. Ndc2 Qc5 22. b4 Qh5 23. Rd2 Bh3 24. b5 Nc5 25. bxc6 bxc6 26. Qb6 Bxg2 27. Kxg2 Ra6 28. Qc7 Ne6 29. Qd6 h6 30. Rb8 Rxb8 31. Qxb8+ Kh7 32. Nd4 Nxd4 33. Rxd4 Qxe2 34. Qf4 Ra5 35. Rd6 Rc5 36. Rxf6 gxf6 37. Qxe4+ f5 38. Qe7 Ra5 39. Qxf7+ Kh8 40. Qe8+ Kh7 41. Qd7+ Kg6 42. Qxc6+ Kh5 43. Qe8+ Kg5 44. Qd8+ Kg6 45. Qxa5 1-0

[Event "26th Klatovy A 2018"]
[Site "Klatovy CZE"]
[Date "2018.07.03"]
[Round "4.16"]
[White "Hlozek, David"]
[Black "Hurdzan, Tomas"]
[Result "0-1"]
[WhiteElo "1852"]
[BlackElo "2164"]
[PlyCount "106"]
[EventDate "2018.06.30"]
[EventType "swiss"]
[EventRounds "9"]
[EventCountry "CZE"]

1. e4 c5 2. Nc3 Nc6 3. Bb5 g6 4. Bxc6 dxc6 5. d3 Bg7 6. f4 Nf6 7. Nf3 Bg4 8. O-O O-O 9. Be3 b6 10. h3 Bxf3 11. Qxf3 Qd7 12. g4 Rad8 13. Kh1 e6 14. Qg3 Qe7 15. f5 exf5 16. gxf5 Nh5 17. Qg4 Qd6 18. Rg1 Kh8 19. Raf1 Be5 20. Ne2 Rg8 21. Qh4 Bxb2 22. Bg5 Rde8 23. fxg6 fxg6 24. Rf7 Qe6 25. Rgf1 Bg7 26. Ng3 Nxg3+ 27. Qxg3 Rgf8 28. Rxf8+ Rxf8 29. Rxf8+ Bxf8 30. Kg2 Qxa2 31. Qe5+ Kg8 32. Kg3 Qf7 33. Qb8 Qg7 34. e5 h6 35. Bf6 Qd7 36. h4 Kf7 37. Kh2 b5 38. Qa8 h5 39. Kg2 Bg7 40. e6+ Qxe6 41. Bxg7 Kxg7 42. Qxa7+ Kf6 43. Qa1+ Qe5 44. Qf1+ Qf5 45. Qa1+ Ke6 46. Qa8 Qg4+ 47. Kf1 Qd1+ 48. Kf2 Qxc2+ 49. Ke3 Qc1+ 50. Ke2 Qb2+ 51. Kd1 Qb3+ 52. Ke2 Qd5 53. Qe8+ Kf5 0-1

[Event "26th Klatovy A 2018"]
[Site "Klatovy CZE"]
[Date "2018.07.03"]
[Round "4.17"]
[White "Palek, Miroslav"]
[Black "Kostelecky, Daniel"]
[Result "1-0"]
[WhiteElo "2153"]
[BlackElo "1953"]
[PlyCount "39"]
[EventDate "2018.06.30"]
[EventType "swiss"]
[EventRounds "9"]
[EventCountry "CZE"]

1. e4 e5 2. Nf3 Nc6 3. Bb5 a6 4. Ba4 Nf6 5. O-O Nxe4 6. d4 b5 7. Bb3 d5 8. dxe5 Be6 9. Qe2 Be7 10. c3 O-O 11. Rd1 Nc5 12. Bc2 Bg4 13. h3 Bh5 14. Nbd2 Ne6 15. Nf1 f5 16. exf6 Rxf6 17. Be4 Qe8 18. Bxd5 Bd6 19. Bg5 Rg6 20. g4 1-0